000 00298nam a22001337a 4500
008 170731b xxu||||| |||| 00| 0 eng d
020 _a9780764548475
041 _aeng
080 _a004
100 _a32
101 _aSHK
245 _aJAVA, SML, AND WEB SERVICES
_cJASNOWSKI,M
942 _2udc
_cBK
999 _c22182
_d22182